Biblioteca ESET

Ciencias Sociales / (Registro nro. 899)

Detalles MARC
000 -CABECERA
fixed length control field 00909nam a22002777a 4500
003 - CONTROL NUMBER IDENTIFIER
control field AR-BeUNQ
005 - FECHA Y HORA DE LA ULTIMA TRANSACCION
control field 20231011140033.0
008 - ELEMENTOS DE LONGITUD FIJA-INFORMACION GENERAL
fixed length control field 230925s2013 ag adob| |||| 00| 0 spa d
040 ## - FUENTE DE CATALOGACION
Agencia de catalogación original AR-BeUNQ
Agencia que realiza la transcripción AR-BeUNQ
Convenciones de la descripción aacr
082 ## - NUMERO DE CLASIFICACION DECIMAL DEWEYMBER
Número de clasificación 373.2
Número de la edición 21
245 00 - MENCION DE TITULO
Título Ciencias Sociales /
Mención de responsabilidad, etc [Fabián Claudio Flores (coordinación)]
250 ## - MENCION DE EDICION
Mención de edición 1a ed.
260 ## - PUBLICACION, DISTRIBUCION, ETC.
Lugar de publicación, distribución, etc. Buenos Aires :
Nombre del editor, distribuidor, etc. Longseller,
Fecha de publicación, distribución, etc 2013.
300 ## - DESCRIPCION FISICA
Extensión 207 p.
Otros detalles físicos il. col., fotografías, mapas, gráficos ;
Dimensiones 28 cm.
490 ## - MENCION DE SERIE
Mención de serie Enlaces (Longseller)
521 ## - NOTA DE AUDIENCIA
Nota de audiencia Para 1º año educación secundaria.
650 #7 - ASIENTO SECUNDARIO DE MATERIA - TERMINO TEMATICO
Término temático o nombre geográfico como elemento de entrada Ciencias Sociales
Fuente del encabezamiento o términ spines
650 #7 - ASIENTO SECUNDARIO DE MATERIA - TERMINO TEMATICO
Término temático o nombre geográfico como elemento de entrada Historia antigua
Fuente del encabezamiento o términ spines
650 #7 - ASIENTO SECUNDARIO DE MATERIA - TERMINO TEMATICO
Término temático o nombre geográfico como elemento de entrada Prehistoria
Fuente del encabezamiento o términ spines
650 #7 - ASIENTO SECUNDARIO DE MATERIA - TERMINO TEMATICO
Término temático o nombre geográfico como elemento de entrada Historia medieval
Fuente del encabezamiento o términ spines
650 #7 - ASIENTO SECUNDARIO DE MATERIA - TERMINO TEMATICO
Término temático o nombre geográfico como elemento de entrada Geografía
Fuente del encabezamiento o términ spines
700 1# - ASIENTO SECUNDARIO - NOMBRE DE PERSONA
Personal name Flores, Fabián Claudio
Relator term coordinador
830 ## - ASIENTO SECUNDARIO DE SERIE--TITULO UNIFORME
Designación numérica/secuencial del volumen Enlaces (Longseller)
929 ## - DATOS DE ADQUISICION
Procedencia DONACION
Proveedor Gladys Alarcón
Patrimonio UNQ PAT0080457
Es copia 1
Número de inventario 60667
942 ## - ELEMENTOS DE PUNTO DE ACCESO ADICIONAL (KOHA)
Tipo de ítem Koha Libros
Existencias
Estado de retiro Estado de pérdida Ubicación permanente Ubicación actual Ubicación en estantería Fecha de ingreso Total Checkouts Signatura topográfica completa Inventario Date last seen Número de copia Tipo de ítem Koha Operador
    Biblioteca ESET - UNQ Biblioteca ESET - UNQ CIRCULACION 25/09/2023   373.2 CIE 60667 25/09/2023 1 Libros GS

ESET UNQ

☏ 4365-7188
 Avenida República de Francia 1714 entre Doctor Kenny y Concordia, Ezpeleta, Bs As.
✉ secretaria_eset@unq.edu.ar

Con tecnología Koha